00630nam a2200205Ia 4500003000400000005001700004008004100021040000700062041000800069082001600077100002600093245004300119260004000162300000900202650002200211700002300233942001300256999001900269952013600288OSt20250814093943.0250729s2004 xx 000 0 und d cAL aeng a370.78 JANE aBhatiya kamal9221264 aThe principles and methods of teaching aNew DelhibMittal Publicationc2004 a244p aEducation9221265 aBhatiyaD B9221266 2ddccBED c234929d234929 001040708BEDaALbALd2025-07-29eSita Book Houseg550.00l0o370.78 JANEpBED00248r2025-07-29 16:53:34v550.00w2025-07-29yBK